| 000 | 00535nam a2200193Ia 4500 | ||
|---|---|---|---|
| 001 | 41860 | ||
| 008 | 221209s2004 ii g b000 u asm u | ||
| 020 | _a81-7665-212-1 | ||
| 082 | _a923 | ||
| 100 | _aBorgohain, Homen . | ||
| 245 | 0 |
_aDaryoun Yujanta Bigayani / _cHomen Borgohain. _hTextual Documents |
|
| 250 | _aist ed / | ||
| 260 |
_aGuwahati : _bStudents Stores , _c2004. |
||
| 300 |
_a86pg ; _c20cm. |
||
| 653 | _aBiography-Daryoun | ||
| 653 | _aG-Biography | ||
| 856 | _u4th edn----2019 Acc No--06/cu/hbc | ||
| 942 |
_2ddc _cBK |
||
| 999 |
_c41826 _d41826 |
||